Mr. Blessington's imperialist plot.

Bibliographic Details
Main Author: Sherwood, John
Format: Book
Language:English
Published: Garden City, N.Y. : Published for the Crime Club [by] Doubleday, 1951.
Edition:[1st ed.].

MARC

Tag First Indicator Second Indicator Subfields
LEADER 00000cam a2200000 4500
001 in00000691621
005 20170303104109.0
008 751107s1951 nyu 00001 eng
010 |a  51009437  
035 |a (OCoLC)01814151 
035 |9 ACZ9187AM 
040 |a DLC  |c JPL  |d TXA  |d UtOrBLW 
049 |a TXAM  |c [195739] 
050 0 0 |a PZ3.S55443  |b Mi  |a PR6037.H517 
090 |a PR6037.H517  |b M73 1951 
100 1 |a Sherwood, John. 
245 1 0 |a Mr. Blessington's imperialist plot. 
250 |a [1st ed.]. 
264 1 |a Garden City, N.Y. :  |b Published for the Crime Club [by] Doubleday,  |c 1951. 
300 |a 252 pages ;  |c 21 cm. 
336 |a text  |b txt  |2 rdacontent 
337 |a unmediated  |b n  |2 rdamedia 
338 |a volume  |b nc  |2 rdacarrier 
999 |a MARS 
999 f f |s 1078170a-0377-3baf-98ac-1df0eba65453  |i 2ceca6b2-979a-325d-afee-3471ebd90a09  |t 0 
952 f f |p normal  |a Texas A&M University  |b College Station  |c Sterling C. Evans Library  |d Evans: Library Stacks  |t 0  |e PR6037.H517 M73 1951  |h Library of Congress classification  |i unmediated -- volume  |m A14804278987 
998 f f |a PR6037.H517 M73 1951  |t 0  |l Evans: Library Stacks